000 00798cam a2200253 4500
008 090401t1997 xxu||||| |||| 00| 0 eng d
020 _a1860811426
035 _a(Sirsi) u78847
041 _aeng
050 _a690
110 _aBuilding Research Establishment
245 _aDomestic floors : assessing them for replacement or repair : timber floors and decks.
260 _aLondon
_bConstruction Research Communications Ltd
_c1997
300 _a8p. : ill. 30cm.
350 _a0
490 _aGood Building Guide
_v28 Part 3
650 _aFLOORING
650 _aBUILT ENVIRONMENT-BUILDING ELEMENTS-COMPLETE BUILDING ELEMENTS-FLOORS
650 _aREPAIRS
650 _aTIMBER FLOORS
690 _aBUILDING AND CONSTRUCTION-DEFECTS AND FAILURES
942 _n0
948 _c10/06/1997
999 _c96493
_d96493